<?xml version="1.0" encoding="UTF-8"?>
<record
    xmlns:xsi="http://www.w3.org/2001/XMLSchema-instance"
    xsi:schemaLocation="http://www.loc.gov/MARC21/slim http://www.loc.gov/standards/marcxml/schema/MARC21slim.xsd"
    xmlns="http://www.loc.gov/MARC21/slim">

  <leader>00964nam a22002417a 4500</leader>
  <controlfield tag="005">20211119140618.0</controlfield>
  <controlfield tag="008">211116t2010    sp d|||gr|||| 00| 0 spa d</controlfield>
  <datafield tag="020" ind1=" " ind2=" ">
    <subfield code="a">9788437506333</subfield>
  </datafield>
  <datafield tag="050" ind1="0" ind2="4">
    <subfield code="a">HC130.E5</subfield>
    <subfield code="b">D47 2010</subfield>
  </datafield>
  <datafield tag="245" ind1="0" ind2="0">
    <subfield code="a">Desarrollo y transformaci&#xF3;n </subfield>
    <subfield code="b"> : opciones para Am&#xE9;rica Latina </subfield>
    <subfield code="c"> / Gregorio Vidal, Arturo Guill&#xE9;n y Jos&#xE9; D&#xE9;niz (coordinadores).</subfield>
  </datafield>
  <datafield tag="250" ind1=" " ind2=" ">
    <subfield code="a">1a ed.</subfield>
  </datafield>
  <datafield tag="260" ind1=" " ind2=" ">
    <subfield code="a">Madrid :</subfield>
    <subfield code="b">Fondo de Cultura Econ&#xF3;mica,</subfield>
    <subfield code="c">2010</subfield>
  </datafield>
  <datafield tag="300" ind1=" " ind2=" ">
    <subfield code="a">492 p. :</subfield>
    <subfield code="b">il. ;</subfield>
    <subfield code="c">23 cm.</subfield>
  </datafield>
  <datafield tag="490" ind1="0" ind2=" ">
    <subfield code="a"> Secci&#xF3;n de Obras de Econom&#xED;a</subfield>
  </datafield>
  <datafield tag="504" ind1=" " ind2=" ">
    <subfield code="a">Incluye bibliograf&#xED;a</subfield>
  </datafield>
  <datafield tag="650" ind1=" " ind2="7">
    <subfield code="2">lemb</subfield>
    <subfield code="a">Desarrollo econ&#xF3;mico</subfield>
    <subfield code="z">Am&#xE9;rica Latina</subfield>
    <subfield code="v">Congresos</subfield>
  </datafield>
  <datafield tag="651" ind1=" " ind2="7">
    <subfield code="2">lemb</subfield>
    <subfield code="a">Am&#xE9;rica Latina</subfield>
    <subfield code="x">Historia econ&#xF3;mica</subfield>
    <subfield code="y">Siglo XXI</subfield>
    <subfield code="v">Congresos</subfield>
  </datafield>
  <datafield tag="651" ind1=" " ind2="7">
    <subfield code="2">lemb</subfield>
    <subfield code="a">Am&#xE9;rica Latina</subfield>
    <subfield code="x">Econom&#xED;a</subfield>
    <subfield code="x">Pol&#xED;tica gubernamental</subfield>
    <subfield code="v">Congresos</subfield>
  </datafield>
  <datafield tag="700" ind1="1" ind2=" ">
    <subfield code="a">Vidal, Gregorio,</subfield>
    <subfield code="e">coordinador.</subfield>
  </datafield>
  <datafield tag="700" ind1="1" ind2=" ">
    <subfield code="a">Guill&#xE9;n, Arturo,</subfield>
    <subfield code="e">coordinador.</subfield>
  </datafield>
  <datafield tag="700" ind1="1" ind2=" ">
    <subfield code="a">D&#xE9;niz, Jos&#xE9;,</subfield>
    <subfield code="e">coordinador.</subfield>
  </datafield>
  <datafield tag="942" ind1=" " ind2=" ">
    <subfield code="2">lcc</subfield>
    <subfield code="c">LIB</subfield>
  </datafield>
  <datafield tag="999" ind1=" " ind2=" ">
    <subfield code="c">98699</subfield>
    <subfield code="d">98699</subfield>
  </datafield>
</record>
